<?xml version="1.0" encoding="UTF-8"?>
<record
    xmlns:xsi="http://www.w3.org/2001/XMLSchema-instance"
    xsi:schemaLocation="http://www.loc.gov/MARC21/slim http://www.loc.gov/standards/marcxml/schema/MARC21slim.xsd"
    xmlns="http://www.loc.gov/MARC21/slim">

  <leader>00761nam a2200217 i 4500</leader>
  <controlfield tag="001">44828</controlfield>
  <controlfield tag="003">ES-MaACL</controlfield>
  <controlfield tag="005">20250809035211.0</controlfield>
  <controlfield tag="007">t|</controlfield>
  <controlfield tag="008">030324s1850    sp           ||||1| spa d</controlfield>
  <datafield tag="080" ind1=" " ind2=" ">
    <subfield code="a">343(460)"1850"(094.4)</subfield>
  </datafield>
  <datafield tag="245" ind1="0" ind2="0">
    <subfield code="a">C&#xF3;digo penal de Espa&#xF1;a </subfield>
    <subfield code="b">: refundido por la nueva ley de 30 de junio de este a&#xF1;o y dispuesto en forma de di&#xE1;logo / </subfield>
    <subfield code="c">por Pedro Carrillo y S&#xE1;nchez.</subfield>
  </datafield>
  <datafield tag="260" ind1=" " ind2=" ">
    <subfield code="a">Madrid : </subfield>
    <subfield code="b">E. Aguado, </subfield>
    <subfield code="c">1850.</subfield>
  </datafield>
  <datafield tag="300" ind1=" " ind2=" ">
    <subfield code="a">189 p. ; </subfield>
    <subfield code="c">21 cm.</subfield>
  </datafield>
  <datafield tag="610" ind1="1" ind2="4">
    <subfield code="a">Espa&#xF1;a. </subfield>
    <subfield code="t">C&#xF3;digo penal, 1850.</subfield>
    <subfield code="9">152602</subfield>
  </datafield>
  <datafield tag="650" ind1=" " ind2="4">
    <subfield code="a">Derecho penal-</subfield>
    <subfield code="z">Espa&#xF1;a</subfield>
    <subfield code="9">11752</subfield>
  </datafield>
  <datafield tag="700" ind1="1" ind2=" ">
    <subfield code="a">Carrillo y S&#xE1;nchez, Pedro.</subfield>
    <subfield code="9">35784</subfield>
  </datafield>
  <datafield tag="710" ind1="1" ind2=" ">
    <subfield code="a">Espa&#xF1;a. </subfield>
    <subfield code="t">C&#xF3;digo penal, 1850.</subfield>
    <subfield code="9">152602</subfield>
  </datafield>
  <datafield tag="852" ind1="4" ind2=" ">
    <subfield code="a">ES-MaACL</subfield>
    <subfield code="j">D-1182</subfield>
  </datafield>
  <datafield tag="999" ind1=" " ind2=" ">
    <subfield code="c">44828</subfield>
    <subfield code="d">44828</subfield>
  </datafield>
  <datafield tag="952" ind1=" " ind2=" ">
    <subfield code="0">0</subfield>
    <subfield code="1">0</subfield>
    <subfield code="4">0</subfield>
    <subfield code="7">0</subfield>
    <subfield code="8">LIBXIX</subfield>
    <subfield code="a">ATENEOM</subfield>
    <subfield code="b">ATENEOM</subfield>
    <subfield code="c">SVI</subfield>
    <subfield code="d">2008-01-17</subfield>
    <subfield code="e">SC</subfield>
    <subfield code="l">0</subfield>
    <subfield code="o">D-1182</subfield>
    <subfield code="p">901047178</subfield>
    <subfield code="r">2023-02-23 00:00:00</subfield>
    <subfield code="w">2023-02-23</subfield>
    <subfield code="y">MONANT</subfield>
  </datafield>
</record>
